000 00626nam a2200265Ia 4500
005 20260306153119.0
008 008 260114s9999 xx 000 0 eng d
020 _a9788175969216
037 _aEBOOK
040 _aCRL
040 _beng
040 _cCRL
041 _2eng
041 _aeng
084 _qCRL
100 _aJoshi
245 4 _aThe Financial Inclusion Imperative and Sustainable Approaches
250 _a1st ed
260 _bFoundation Books
260 _c2012
650 _aCommerce
856 _uhttps://doi.org/10.1017/UPO9788175969216
942 _cEBOOK
999 _c1702229
_d1702229